| 000 | 00559nam a22002057a 4500 | ||
|---|---|---|---|
| 003 | OSt | ||
| 005 | 20140310183041.0 | ||
| 008 | 130222t xxu||||| |||| 00| 0 eng d | ||
| 020 | _a9789715848084 | ||
| 050 |
_aPE 1439 _b.F634 2009 |
||
| 082 |
_aFIL 808.042 _bT35 2009 |
||
| 245 |
_aThought and expression : academic writing _cFlores, Magalende Magallona |
||
| 260 |
_aQuezon City _bC & E Pub. _c 2009. |
||
| 300 |
_a206 p. _c26 cm |
||
| 521 | _acollege students | ||
| 526 | _c1210L-1700L | ||
| 541 | _j1 | ||
| 562 | _e1 | ||
| 942 |
_2lcc _cBK _kFIL |
||
| 999 |
_c18528 _d18528 |
||